Anuario jurídico interamericano 1982

I tiakina i:
Ngā taipitopito rārangi puna kōrero
Ngā kaituhi rangatōpū: OEA (Author), Organización de los Estados Americanos (Author)
Hōputu: Pukapuka
Reo:Pāniora
I whakaputaina: Washington, D.C Secretaría General Subsecretaría de Asuntos Jurídicos 1983
Ngā marau:
Ngā Tūtohu: Tāpirihia he Tūtohu
Kāore He Tūtohu, Me noho koe te mea tuatahi ki te tūtohu i tēnei pūkete!

MARC

LEADER 00000nam a2200000 a 4500
001 UCT9118
003 CL-VaPUC
008 970404e19830000US |||||||||||||||||spa|d
082 0 4 |a 341.02  |b OEA  |2 21 
110 2 |a OEA  |e author  |9 381514 
710 2 |a Organización de los Estados Americanos  |e author  |9 381515 
245 1 0 |a Anuario jurídico interamericano 1982 
300 |a 763 p 
942 |c BK 
945 |d 19970404 00:00:00  |a cmena 
260 |a Washington, D.C  |b Secretaría General Subsecretaría de Asuntos Jurídicos  |c 1983 
650 0 |a Derecho internacional  |9 255637 
650 0 |a Relaciones Internacionales  |9 255740 
650 0 |a Desarrollo económico y social   |9 256320 
650 0 |a Derechos civiles  |9 255655 
650 0 |a Cooperación internacional  |9 255447 
650 7 |a ORGANISMOS INTERNACIONALES  |2 CL-VaPUC  |9 255448 
650 0 |a Política internacional  |9 255813 
583 |a last modification  |c 19970404 00:00:00  |k Rodrigo Vera 
999 |c 257541  |d 257539 
952 |0 0  |1 0  |4 0  |6 341_020000000000000_OEA_1983  |7 0  |8 A  |9 281059  |a BIBDER  |b BIBDER  |d 2019-11-19  |i 1823000  |o 341.02 OEA 1983  |p 1823000  |r 2023-01-25  |w 2019-11-19  |y BK  |k DER